Personal Multimedia Preservation Remembering or Forgetting Images and Video /

This unique text/reference advocates a novel forgetful approach to dealing with personal multimedia content in the long run, which is inspired by the effectiveness of human forgetting as a mechanism for helping us to stay focused on important things. The text presents theoretical foundations, techno...

Full description

Bibliographic Details
Corporate Author: SpringerLink (Online service)
Other Authors: Mezaris, Vasileios (Editor, http://id.loc.gov/vocabulary/relators/edt), Niederée, Claudia (Editor, http://id.loc.gov/vocabulary/relators/edt), Logie, Robert H. (Editor, http://id.loc.gov/vocabulary/relators/edt)
Format: Electronic eBook
Language:English
Published: Cham : Springer International Publishing : Imprint: Springer, 2018.
Edition:1st ed. 2018.
Series:Springer Series on Cultural Computing,
Subjects:
Online Access:Full Text via HEAL-Link
LEADER 04922nam a2200553 4500
001 978-3-319-73465-1
003 DE-He213
005 20191026092256.0
007 cr nn 008mamaa
008 180216s2018 gw | s |||| 0|eng d
020 |a 9783319734651  |9 978-3-319-73465-1 
024 7 |a 10.1007/978-3-319-73465-1  |2 doi 
040 |d GrThAP 
050 4 |a QA76.575 
072 7 |a UG  |2 bicssc 
072 7 |a COM034000  |2 bisacsh 
072 7 |a UG  |2 thema 
082 0 4 |a 006.7  |2 23 
245 1 0 |a Personal Multimedia Preservation  |h [electronic resource] :  |b Remembering or Forgetting Images and Video /  |c edited by Vasileios Mezaris, Claudia Niederée, Robert H. Logie. 
250 |a 1st ed. 2018. 
264 1 |a Cham :  |b Springer International Publishing :  |b Imprint: Springer,  |c 2018. 
300 |a XIV, 339 p. 84 illus., 75 illus. in color.  |b online resource. 
336 |a text  |b txt  |2 rdacontent 
337 |a computer  |b c  |2 rdamedia 
338 |a online resource  |b cr  |2 rdacarrier 
347 |a text file  |b PDF  |2 rda 
490 1 |a Springer Series on Cultural Computing,  |x 2195-9056 
505 0 |a Part I: Interdisciplinary Foundations -- Multimedia Preservation: Why Bother? -- Preserving and Forgetting in the Human Brain -- Multimedia Processing Essentials -- Part II: Multimedia Preservation Theory -- Preservation Value and Managed Forgetting -- Keeping Information in Context -- Bridging Information Management and Preservation: a Reference Model -- Part III: Multimedia Preservation in Practice -- Remembering and Forgetting for Personal Preservation -- Personal Photo Management and Preservation. 
520 |a This unique text/reference advocates a novel forgetful approach to dealing with personal multimedia content in the long run, which is inspired by the effectiveness of human forgetting as a mechanism for helping us to stay focused on important things. The text presents theoretical foundations, technologies, applications, and case study results that help the reader to understand the problems and challenges associated with personal digital preservation, and the solutions that can be developed in response to these challenges. Topics and features: Highlights the value of an intelligent and selective approach to personal multimedia preservation, involving managed forgetting and contextualized remembering Considers how a conceptual understanding of human memory function can be used to inspire the design of digital managed preservation and forgetting Discusses methods that endow computers with capabilities to understand digital content, in order to support intelligent preservation decisions Examines the assessment of the importance of information items, introducing the concepts of memory buoyancy and preservation value Reviews methods for preserving the context associated with a digital item, and for assessing how this context evolves over time Proposes a reference model for the Preserve-or-Forget (PoF) approach which is integrative, value-driven, brain-inspired, forgetful, and evolution-aware Describes the integration of preservation functionalities in a Personal Information Management (PIM) application Presents a user study on a photo selection task, using the results to design methods for automatically selecting important photos from personal collections This interdisciplinary volume provides significant insights from computer science, engineering and psychology that will be of great interest to researchers involved in multimedia and software engineering, multimedia preservation, cultural informatics, digital heritage, and the digital humanities. 
650 0 |a Multimedia information systems. 
650 0 |a Application software. 
650 0 |a Cognitive psychology. 
650 0 |a Computers and civilization. 
650 1 4 |a Multimedia Information Systems.  |0 http://scigraph.springernature.com/things/product-market-codes/I18059 
650 2 4 |a Computer Appl. in Arts and Humanities.  |0 http://scigraph.springernature.com/things/product-market-codes/I23036 
650 2 4 |a Cognitive Psychology.  |0 http://scigraph.springernature.com/things/product-market-codes/Y20060 
650 2 4 |a Computers and Society.  |0 http://scigraph.springernature.com/things/product-market-codes/I24040 
700 1 |a Mezaris, Vasileios.  |e editor.  |4 edt  |4 http://id.loc.gov/vocabulary/relators/edt 
700 1 |a Niederée, Claudia.  |e editor.  |4 edt  |4 http://id.loc.gov/vocabulary/relators/edt 
700 1 |a Logie, Robert H.  |e editor.  |4 edt  |4 http://id.loc.gov/vocabulary/relators/edt 
710 2 |a SpringerLink (Online service) 
773 0 |t Springer eBooks 
776 0 8 |i Printed edition:  |z 9783319734644 
776 0 8 |i Printed edition:  |z 9783319734668 
776 0 8 |i Printed edition:  |z 9783030087937 
830 0 |a Springer Series on Cultural Computing,  |x 2195-9056 
856 4 0 |u https://doi.org/10.1007/978-3-319-73465-1  |z Full Text via HEAL-Link 
912 |a ZDB-2-SCS 
950 |a Computer Science (Springer-11645)